Ritter´s Gold

Furkejuvvon:
Bibliográfalaš dieđut
Váldodahkki: Hawkins, Frank
Materiálatiipa: Girji
Giella:English
Almmustuhtton: New York, Estados Unidos New American Library 1980
Fáttát:
Fáddágilkorat: Lasit fáddágilkoriid
Eai fáddágilkorat, Lasit vuosttaš fáddágilkora!

MARC

LEADER 00000nam a2200000Ia 4500
008 170316s9999 xx 000 0 eng d
999 |c 28799  |d 28799 
040 |a cru BVZT 
090 |a F-810 H-2r 
100 |a Hawkins, Frank 
245 |a Ritter´s Gold 
260 |a New York, Estados Unidos 
260 |b New American Library 
260 |c 1980 
300 |a 248 páginas 
650 |a LITERATURA ESTADOUNIDENSE  |9 25 
650 |a FICCIÓN  |9 26 
650 |a EN IDIOMA INGLÉS  |9 129 
942 |c 15 D  |h F-810 H-2r  |2 z